Bandiere Rosse e Bianche - Morte Improvvisa - Statistics

Statistiche generali
  • Questo quiz è stato fatto 95 volte
  • Il punteggio medio è 13 su 17
Answers on the Grid
Answers color-coded by a green-red scale on the quiz's grid according to % correct below.
Albania
Argentina
Austria
Bahrain
Canada
Cina
Danimarca
Dominica
Georgia
Giappone
Grecia
Indonesia
Lettonia
Liechtenstein
Lussemburgo
Maldive
Monaco
Marocco
Nepal
Nigeria
Papua Nuova Guinea
Paraguay
Perù
Polonia
Qatar
Samoa
Singapore
Svizzera
Timor Est
Tonga
Trinidad e Tobago
Tunisia
Turchia
Vietnam
 
Statistiche sulle risposte
Risposta % Corretto
Austria
92%
Canada
91%
Danimarca
91%
Giappone
87%
Indonesia
85%
Bahrain
81%
Georgia
81%
Monaco
81%
Polonia
77%
Lettonia
74%
Qatar
74%
Svizzera
74%
Tunisia
72%
Turchia
72%
Perù
66%
Singapore
66%
Tonga
53%
Nessun quiz corrispondente trovato
Distribuzione punteggi
Percentuale di utenti per punteggio
Percentile per numero di risposta
I tuoi punteggi nel tempo
Non hai fatto questo quiz